000 00916nmm a2200337 a 4500
003 AR-BaBNM
005 20251128203155.0
008 157019s1991 ||||||||||||||000 | spa||
040 _cAR-BaBNM
245 1 0 _aArmenia a través de sus cantares
_bdesde el siglo V hasta nuestros días
260 _aBuenos Aires
_bPalabra Gráfica
_c1991
300 _a277 p.
_bil.
650 4 _aANTOLOGIAS
650 4 _aMUSICA POPULAR
650 4 _aARTE RELIGIOSO
650 4 _aCRITICA LITERARIA
650 4 _aCULTURAS ASIATICAS
650 4 _aRELIGION
650 4 _aTRADICION ORAL
650 4 _aLITERATURA FOLKLORICA
650 4 _aLITERATURA ASIATICA
650 4 _aCANCIONES
650 4 _aCOSTUMBRES Y TRADICIONES
650 4 _aPOESIA
651 4 _aArmenia
655 _aLITERATURA
700 1 _aSarafián, Jorge
_ecompilador
700 1 _aSarafián, Diana K.
_eprologuista
942 _cBK
998 _cMARTIN
999 _c2236
_d2236